[Event "41st Nezhmetdinov Memorial 2019"]
[Site "Kazan"]
[Date "2019.05.31"]
[Round "1.1"]
[White "Sarana, Alexey"]
[Black "Bondareva, Daria"]
[Result "1-0"]
[WhiteElo "2636"]
[BlackElo "2059"]
[Annotator "TA"]
[PlyCount "65"]
[EventDate "2019.05.31"]
[EventType "swiss"]
[EventCountry "RUS"]
[SourceTitle "playchess.com"]
[Source "ChessBase"]
[SourceQuality "1"]

{[%evp 9,65,43,79,68,161,106,105,79,73,68,87,44,62,51,56,43,50,33,33,33,35,7,39,0,15,18,16,10,15,0,24,13,34,31,33,38,37,24,68,66,64,54,56,56,71,42,57,49,111,111,152,164,162,143,158,181,229,176]} 1. c4 Nf6 2. Nc3 e6 3. e4 d6 4. d4 Be7 ({Predecessor:} 4... Nbd7 5. f4 c5 6. d5 e5 7. Nf3 {½-½ (42) Nameer,N (2228)-Bahzad,Z (2118) Sulaymaniyah 2012}) 5. f4 c5 6. d5 {A18: English Opening: Flohr-Mikenas System (1 c4 Nf6 2 Nc3 e6 3 e4)} Nbd7 {[#]} ({Black should try} 6... exd5 $14 7. cxd5 Qc7) 7. Nf3 (7. e5 $1 $18 {[%mdl 512]}) 7... e5 8. fxe5 $146 {White is better.} (8. f5 {is more complex.} O-O 9. Bd3 b6 10. O-O h6 11. Qe2) (8. g3 exf4 9. gxf4 Ng4 10. h4 f5 11. exf5 O-O 12. Ng5 Nh6 {1-0 (31) Petr,M (2435)-Brhel,J (2092) Olomouc 2018}) 8... Nxe5 9. Nxe5 dxe5 10. Be2 O-O 11. O-O Ne8 12. Be3 b6 13. Bg4 Nd6 14. b3 Bg5 15. Bf2 Bd2 16. Nb1 Bf4 17. Bxc8 Rxc8 18. Nc3 Qg5 19. Qd3 Rce8 20. Rae1 Qh6 {[%csl Gf4][%cal Rh6h2]} 21. h3 Qg6 22. Re2 f5 23. Rd1 fxe4 24. Nxe4 Nf5 25. Ree1 {[%cal Be2e1,Be1f1,Bf1f2][%mdl 32]} Nd4 26. Kh1 Rd8 27. Rf1 Bg5 28. Bg3 Bf6 (28... Bf4 $14) 29. Rf2 $16 Rf7 30. Rdf1 {White is clearly better.} Rdf8 31. Qe3 h6 32. Qd3 Qh7 33. Bxe5 {Accuracy: White = 39%, Black = 46%.} 1-0

[Event "41st Nezhmetdinov Memorial 2019"]
[Site "Kazan"]
[Date "2019.05.31"]
[Round "1.2"]
[White "Turkeeva, Yulia"]
[Black "Kokarev, Dmitry"]
[Result "0-1"]
[WhiteElo "2056"]
[BlackElo "2605"]
[Annotator "TA"]
[PlyCount "40"]
[EventDate "2019.05.31"]
[EventType "swiss"]
[EventCountry "RUS"]
[SourceTitle "playchess.com"]
[Source "ChessBase"]
[SourceQuality "1"]

{[%evp 17,40,0,18,-25,0,-25,-31,-76,-75,-78,-77,-77,-68,-135,-84,-210,-224,-216,-225,-593,-405,-1077,-1072,-1248,-1216]} 1. e4 c5 2. c3 Nf6 3. e5 Nd5 4. d4 ({Predecessor:} 4. Nf3 Nc6 5. Bc4 Nb6 6. Bb3 g6 7. O-O Bg7 8. Re1 O-O 9. d4 cxd4 {0-1 (60) Buchholz,S-Langheinrich,F Rosenheim 1995}) 4... cxd4 5. Nf3 Nc6 6. cxd4 g6 7. Bc4 Nb6 8. Bb3 Bg7 9. O-O O-O 10. Re1 $146 {B22: Sicilian: 2 c3} (10. Bf4 d5 11. Nc3 Bg4 12. Be3 f6 13. exf6 Rxf6 14. Re1 Qd7 15. Bg5 Rf5 16. Bh4 Raf8 17. Re3 Bxf3 18. gxf3 Bxd4 {0-1 (35) Plat,V (2532)-Zhigalko,S (2671) Tallinn 2016}) 10... d6 11. e6 (11. Nc3 {looks sharper.} Bg4 12. Re4 Bxf3 13. Qxf3 dxe5 14. dxe5 Nxe5 15. Qg3) 11... fxe6 12. Bxe6+ {Black is slightly better.} Bxe6 13. Rxe6 {[#]} Rxf3 $1 {[%mdl 512]} 14. gxf3 (14. Qxf3 Nxd4) 14... Nxd4 15. Re1 (15. Re4 $15 e5 16. Be3) 15... Qf8 ({Black should play} 15... Qc8 {And now ...Qf5 would win.} 16. Rxe7 Nc2 17. Re8+ (17. Qd2 $2 Nxa1 18. Nc3 Bf8 $19) 17... Qxe8 18. Qxc2 Qc6 19. Qb3+ Nc4) 16. f4 {[#]} (16. Re4 $17 {was necessary.} e5 17. Be3) 16... Qf5 $1 $19 17. Na3 {[#]} Nd5 $1 {aiming for ...Qh3.} 18. Rb1 $2 (18. Kh1 {was the crucial defense.}) 18... Rf8 19. Be3 (19. Kh1 $142) 19... Nxf4 {( -> ...Qg5+)} 20. Bxf4 Qxf4 0-1

[Event "41st Nezhmetdinov Memorial 2019"]
[Site "Kazan"]
[Date "2019.05.31"]
[Round "1.3"]
[White "Timofeev, Artyom"]
[Black "Gavrilin, Roman"]
[Result "1-0"]
[WhiteElo "2602"]
[BlackElo "2055"]
[Annotator "TA"]
[PlyCount "59"]
[EventDate "2019.05.31"]
[EventType "swiss"]
[EventCountry "RUS"]
[SourceTitle "playchess.com"]
[Source "ChessBase"]
[SourceQuality "1"]

{[%evp 16,59,-7,0,6,-14,-11,-16,25,17,22,6,6,0,0,2,0,10,76,70,134,126,202,197,202,192,184,141,157,170,163,89,92,98,140,139,131,132,277,279,605,620,629,597,566,422]} 1. d4 Nf6 2. Bg5 d5 3. e3 Nbd7 4. Nf3 e6 5. Bd3 c5 6. O-O Be7 7. c3 O-O 8. a4 {[%cal Ba2a4,Ba4a5,Ba5a6][%mdl 32]} b6 9. Nbd2 Bb7 {D03: 1 d4 d5 2 Nf3 Nf6 3 Bg5, including Torre Attack with early ...d5} 10. Qb1 h6 (10... a5 11. Re1 g6 12. Bb5 Ba6 13. Qd3 Bxb5 14. Qxb5 Ne8 15. Bh6 Nd6 16. Qe2 Re8 17. e4 dxe4 18. Nxe4 Nxe4 19. Qxe4 cxd4 20. Nxd4 {1-0 (51) Artemiev,V (2691)-Naiditsch,A (2705) Riadh 2017}) 11. Bh4 Nh5 $146 {The position is equal.} ({Predecessor:} 11... a5 12. Re1 Re8 13. Bb5 Ba6 14. Bxa6 Rxa6 15. e4 Ra8 16. exd5 Nxd5 17. Bxe7 Rxe7 {0-1 (66) Balazs,G (2401)-Aczel,G (2549) Hungary 2019}) 12. Bxe7 Qxe7 13. a5 e5 14. a6 Bc8 15. e4 exd4 16. exd5 dxc3 (16... Ndf6 $11 {keeps the balance.}) 17. Re1 $36 {[%mdl 2048] White is pushing.} Qd6 {[#]} ({Black should play} 17... Qd8 $14 18. bxc3 Ndf6) 18. Ne4 $1 {[%cal Re4d6,Bd2e4,Be4c3,Bc3b5][%mdl 32]} (18. bxc3 Ndf6 $14) 18... Qf4 (18... c2 $16 {was necessary.} 19. Qxc2 (19. Nxd6 cxb1=N 20. Raxb1 Rd8 $16) 19... Qf4) 19. Nxc3 $18 Ndf6 20. Ra4 Qd6 21. Nb5 Qxd5 22. Bc4 Qf5 {[#]} 23. Qxf5 (23. Qc1 $1 $18) 23... Bxf5 $16 24. Ne5 g5 25. Nxf7 Rxf7 26. Re7 $1 {[%cal Re7f7][%mdl 64] Pin} Bg6 (26... Rd8 $16 27. Nc3 (27. Bxf7+ Kf8 $17) 27... Rd7 28. Bxf7+ Kf8 29. Rxd7 (29. Re5 Bc2 $14) 29... Bxd7) 27. Rxa7 $18 {[%mdl 64] Pin} ({Not} 27. Bxf7+ Bxf7 28. Rxa7 Rd8 $16) 27... Re8 $2 (27... Rd8 28. Ra1 Nf4) 28. Ra1 {White is clearly winning.} Kf8 29. Bxf7 Bxf7 {[#]} 30. Nd6 {Played: Ra7xf7} 1-0

[Event "41st Nezhmetdinov Memorial 2019"]
[Site "Kazan"]
[Date "2019.05.31"]
[Round "1.5"]
[White "Rozum, Ivan"]
[Black "Yangutov, Aleksey"]
[Result "1-0"]
[WhiteElo "2568"]
[BlackElo "2049"]
[Annotator "TA"]
[PlyCount "75"]
[EventDate "2019.05.31"]
[EventType "swiss"]
[EventCountry "RUS"]
[SourceTitle "playchess.com"]
[Source "ChessBase"]
[SourceQuality "1"]

{[%evp 13,75,-6,-4,-4,0,-12,2,6,0,0,6,21,10,18,7,0,25,0,18,22,27,0,33,40,71,41,35,32,33,18,33,27,29,18,18,0,0,0,0,0,0,0,0,0,81,73,78,77,82,0,76,63,63,59,80,80,81,30,68,36,91,93,592,585]} 1. Nf3 Nf6 2. c4 e6 3. Nc3 d5 4. e3 c6 5. b3 Nbd7 6. d4 Bb4 7. Bd2 Qe7 8. Be2 {D45: Semi-Slav: 5 e3} (8. Bd3 e5 9. dxe5 Nxe5 10. Nxe5 Qxe5 11. f4 Qe7 12. O-O dxc4 13. bxc4 Bg4 14. Qc2 O-O-O 15. Rab1 Rd7 {0-1 (29) Harutyunian,T (2517)-Nabaty,T (2650) Martuni 2017}) 8... O-O 9. O-O Rd8 10. Qc2 {The position is equal.} b6 $146 ({Predecessor:} 10... dxc4 11. bxc4 e5 12. h3 h6 13. Rfe1 Bd6 14. Bd3 Re8 15. Nh4 Qd8 16. Nf5 {1-0 (54) Mirzoev,A (2506)-Kuberczyk,C (2225) Lueneburg 2018}) 11. Bd3 e5 (11... Ba6 {looks sharper.} 12. Rad1 e5 13. cxd5 Bxd3 14. Qxd3 Bxc3 15. Qxc3 e4) 12. dxe5 Nxe5 13. Nxe5 Qxe5 14. cxd5 cxd5 15. Ne2 Bxd2 16. Qxd2 Ng4 {[%csl Gg4][%cal Re5h2] [#]} 17. Ng3 Be6 18. h3 d4 {[%cal Rd4e3]} 19. exd4 Rxd4 20. hxg4 Qd5 21. Rad1 {Hoping for Bxh7+!} Rd8 {[%cal Rd4d3]} 22. Bxh7+ Kxh7 23. Qc2+ g6 {[%cal Rd4d1]} 24. Ne4 Kg7 {[%cal Rd4d1]} 25. Nc3 Qc5 26. Rxd4 Rxd4 27. Qb2 {And now Ne2 would win.} Kh7 28. Re1 Qc6 (28... Qb4 $1 $11) 29. f3 $16 {aiming for Ne4.} Qc5 {...Rd2+ is the strong threat.} 30. Kf1 {Strongly threatening Ne4.} Bd7 31. Rc1 (31. a4 $16 {Black must now prevent Ne4.} Bc6 32. Ne2) 31... Qe5 (31... Rd3 $11 {keeps the balance.}) 32. Qf2 $36 {[%mdl 2048] White has some pressure.} Bc6 33. Re1 Qc5 {[#]} 34. Qe3 $1 Kg8 35. Rc1 (35. Re2 $16) 35... Bb5+ 36. Ke1 Rc4 ({Better is} 36... a5 $14) 37. Kf2 Rd4 $2 {[%mdl 8192]} (37... Qxe3+ $16 38. Kxe3 Rc7) 38. Ne2 {[%mdl 64] Discovered Attack. Accuracy: White = 59%, Black = 42%.} ({But not} 38. Nxb5 $2 Rd2+ {[%mdl 64] Double Attack} 39. Kg3 Qxe3 $19) 1-0

[Event "41st Nezhmetdinov Memorial 2019"]
[Site "Kazan"]
[Date "2019.05.31"]
[Round "1.6"]
[White "Murzin, Lenar"]
[Black "Puranik, Abhimanyu"]
[Result "0-1"]
[WhiteElo "2036"]
[BlackElo "2548"]
[Annotator "TA"]
[PlyCount "161"]
[EventDate "2019.05.31"]
[EventType "swiss"]
[EventCountry "RUS"]
[SourceTitle "playchess.com"]
[Source "ChessBase"]
[SourceQuality "1"]

{[%evp 20,161,30,28,20,0,0,-12,1,0,0,0,13,-12,15,8,29,37,22,26,117,117,127,108,125,86,98,76,127,123,92,81,82,6,18,0,0,0,0,0,0,0,560,560,534,530,471,0,0,0,0,-993,-966,-970,-970,-1066,-1050,-1026,-1026,-1028,0,0,0,-1031,-1027,-1009,-994,-1060,-437,-446,-432,-439,-438,-414,-433,-410,-412,-393,-243,-243,-243,-241,-136,-136,0,-241,-229,-242,-149,-150,-150,-150,-157,-231,-235,-303,-296,-497,-497,-1003,-1012,-900,-948,-781,-662,-1762,-1758,-4874,-3570,-2588,0,-1006,0,-2167,-1229,-1089,-1315,-1083,-1522,-1154,-1455,-1148,-1096,-29983,-29984,-29984,-29985,-29986,-29987,-29987,-29988,-29988,-29989,-29989,-29990,-29990,-29991,-29991,-29992,-29992,-29992,-29992,-29993,-29996]} 1. d4 Nf6 2. c4 g6 3. Nc3 d5 4. cxd5 Nxd5 5. e4 Nxc3 6. bxc3 Bg7 7. Nf3 c5 8. Rb1 O-O 9. Be2 b6 10. O-O Qc7 11. Be3 Bb7 {D85: Exchange Grünfeld: Unusual White 7th moves and lines with 7 Nf3} 12. d5 (12. Bd3 Nd7 13. e5 Bd5 14. Ng5 Bxa2 15. Ra1 Bd5 16. Qg4 c4 17. Bc2 Qc6 18. Qh4 h6 19. Nh3 Bxg2 {1-0 (58) Perez Ponsa,F (2577)-Howell,D (2685) Caleta 2016}) 12... Bxc3 13. Qc1 $146 ({Predecessor:} 13. Bh6 Rd8 14. Qb3 Bg7 15. Be3 Nd7 16. Rfc1 Rab8 17. Ng5 Ne5 18. f4 h6 19. Nh3 {1-0 (78) Tsepennikova,T (2089)-Zakhartsov,V (2319) Tomsk 2013}) 13... Bg7 {The position is equal.} 14. Bf4 Qc8 15. Bh6 Nd7 16. Bc4 Nf6 17. Re1 Rd8 18. Bxg7 Kxg7 19. Rb3 Qc7 (19... Ba6 $11) 20. Ng5 $16 {[%mdl 1024] White has strong compensation.} Rf8 21. Rh3 h5 22. Rg3 Rad8 23. f4 {Hoping for f5.} Bc8 {[#]} (23... h4 $142 24. Rh3 b5 25. Bxb5 c4) 24. f5 $1 {[%mdl 512]} Ng4 (24... gxf5 25. Ne6+) 25. Nf3 f6 26. fxg6 (26. Qc3 $16) 26... Nxh2 27. e5 $36 {[%mdl 2048] White has good play.} Ng4 $1 28. d6 exd6 29. e6 $1 d5 30. Nh4 $1 {[%cal Rh4f5]} dxc4 $2 {[%mdl 8192]} (30... f5 $11 {and Black is okay.} 31. Qb2+ Kg8) 31. Nf5+ $18 Kg8 {[#]} 32. Rxg4 $1 {[%mdl 512]} hxg4 {[#]} 33. Qxc4 $2 {[#]} (33. e7 $1 $18 {[%mdl 512] White wants to mate with Qh6.} Bxf5 34. Qh6 Bxg6 35. Qxg6+ {[%mdl 64] Double Attack} Kh8 36. Qh5+ Kg7 37. Qxg4+ Kf7 38. Re4) 33... b5 $1 $11 {[%cal Rb5c4]} 34. Qxg4 {[#] Threatening mate with e7!} (34. Qxb5 Bxe6) 34... Bxe6 $1 35. Nh6+ $2 {[%mdl 8192] [#]} (35. Rxe6 $11 Rfe8 36. Rxe8+ Rxe8 37. Qh4 (37. g7 $2 Re1+ 38. Kf2 Rh1 $19)) 35... Kg7 $1 $19 36. Rxe6 Kxh6 37. g7 Qxg7 38. Qh4+ Kg6 39. Qe4+ Kh6 40. Qh4+ Kg6 41. Qe4+ Kh5 42. Qf5+ Kh6 43. Re3 Qg6 (43... Rd1+ $142 44. Kf2 Rh1 45. Rh3+ Rxh3 {[%mdl 64] Overworked Piece} 46. Qxh3+ Kg6 47. Qg4+ Kf7 48. Qh5+ Qg6 49. Qxc5 Re8 50. Qd5+ Kg7 51. Qd7+ Kh6) 44. Qf4+ Qg5 $1 45. Rh3+ Kg6 46. Rg3 Rd1+ 47. Kf2 {[#]} Rd4 $1 48. Qf3 (48. Rxg5+ $2 fxg5 49. Qxf8 Rf4+ 50. Qxf4 gxf4 $19) 48... Rf7 ({Weaker is} 48... Rd2+ 49. Kg1 $19) 49. Kg1 {[#]} Rd1+ $1 50. Kf2 (50. Qxd1 Qxg3) 50... Rd2+ ({Black should try} 50... Rd6 $1 $19 {Strongly threatening ...c4.} 51. Kg1 Rd1+ $1 {[%mdl 512]} 52. Kf2 Rd6) 51. Kg1 $17 {[#]} Rd1+ $1 52. Kf2 $19 (52. Qxd1 Qxg3) 52... Rd6 53. Kg1 c4 {And now ...Re7 would win.} 54. Qe4+ Kh6 55. Rxg5 fxg5 $17 {[%mdl 4096] Endgame [#] KQ-KRR} 56. Qe8 {[#]} (56. a4 $1 $17 {[%mdl 512]}) 56... Rfd7 $1 $19 57. Kh2 a6 58. Kh3 $2 (58. Qh8+ {was necessary.} Kg6 59. Qe5) 58... Rd8 59. Qe1 {[#]} (59. Qe5 $142 c3 60. Kg4 Rd4+ 61. Kh3) 59... c3 $1 60. Qe4 (60. Qxc3 Rd3+) 60... Rc8 {White must now prevent ...c2.} 61. Qc2 b4 62. g3 a5 63. Kg4 Rd4+ 64. Kh3 Rd6 65. Kg4 $1 Rd4+ 66. Kh3 $1 {intending Qf5.} Rdc4 67. Qf5 R4c6 {( -> ...c2)} 68. Qc2 {[#]} a4 $1 {[%cal Ba5a4,Ba4b3][%mdl 32]} 69. Kg4 {[#]} (69. Qxa4 c2) 69... b3 $1 70. axb3 axb3 71. Qc1 Rc4+ {Black mates.} 72. Kf5 Rf8+ 73. Ke5 c2 74. Qa3 Re8+ 75. Kf5 Rc6 ({And not} 75... c1=Q 76. Qd6+ Re6 77. Qxe6+ Kg7 78. Qf6+ Kg8 79. Qd8+ Kf7 80. Qd7+ Kg8 81. Qd8+ Kh7 82. Qe7+ Kh8 83. Qf6+ Kg8 84. Qd8+ $11) 76. Qc1 Rf8+ 77. Ke5 b2 78. Qh1+ Kg7 79. Qxc6 c1=Q 80. Qb7+ Rf7 81. Kd4 {Accuracy: White = 51%, Black = 64%.} 0-1

[Event "41st Nezhmetdinov Memorial 2019"]
[Site "Kazan"]
[Date "2019.05.31"]
[Round "1.7"]
[White "Tsydypov, Zhamsaran"]
[Black "Chekletsov, Egor"]
[Result "1-0"]
[WhiteElo "2546"]
[BlackElo "2035"]
[Annotator "TA"]
[PlyCount "61"]
[EventDate "2019.05.31"]
[EventType "swiss"]
[EventCountry "RUS"]
[SourceTitle "playchess.com"]
[Source "ChessBase"]
[SourceQuality "1"]

{[%evp 11,61,47,42,4,56,55,49,63,53,69,102,40,40,62,46,0,7,0,0,0,0,0,0,-14,-7,-15,-14,-43,-8,-30,49,39,79,75,202,200,205,217,239,237,294,303,305,288,292,292,296,327,1010,1002,1776,1571]} 1. e4 c5 2. Nf3 e6 3. b3 b6 4. Bb2 Bb7 5. Nc3 d6 6. d4 cxd4 7. Qxd4 {B40: Sicilian: 2...e6, Unusual lines} (7. Bb5+ Nd7 8. Qxd4 Qc7 9. Ba4 Rd8 10. Nb5 Qxc2 11. O-O Ngf6 12. Ba3 Nxe4 13. Rac1 Qxa2 14. Bxd6 Nxd6 15. Nxd6+ Bxd6 16. Qxd6 {½-½ (56) Cruz,J (2433)-Oliva Castaneda,K (2491) Badalona 2016}) 7... Nc6 ({Black should play} 7... a6 $11) 8. Bb5 $14 a6 9. Bxc6+ $1 {White is slightly better.} Bxc6 10. O-O-O Qc7 {[#]} 11. Rhe1 (11. Ba3 $1 $16) 11... O-O-O 12. Qd3 $146 ({Predecessor:} 12. Rd3 Nf6 13. e5 Ne8 14. Qh4 Be7 {1-0 (41) Bayer,B-Senff,M (2205) Binz 1994}) 12... Bb7 13. Nd4 Nf6 14. f4 Be7 15. Qe2 Kb8 16. g4 d5 17. e5 Ne4 18. Nxe4 dxe4 19. a3 Bc5 (19... b5 {is more complex.} 20. Kb1 Bc5 21. h4 g6 22. f5 Rhe8) 20. f5 Bxd4 ({Better is} 20... Qc8 $11) 21. Bxd4 exf5 22. gxf5 Rxd4 (22... Rhe8 $16) 23. Rxd4 $18 Qxe5 24. Qf2 Ka8 25. Kb1 Rc8 26. Rd7 Rc7 27. Rxc7 Qxc7 28. Rd1 Ka7 {[#]} 29. Qg3 $1 Qc5 $2 (29... Qxg3 30. hxg3 Bc8) 30. Rd7 e3 31. Qf3 {Accuracy: White = 58%, Black = 22%.} 1-0

[Event "41st Nezhmetdinov Memorial 2019"]
[Site "Kazan"]
[Date "2019.05.31"]
[Round "1.8"]
[White "Kungurov, Andrei"]
[Black "Frolyanov, Dmitry"]
[Result "0-1"]
[WhiteElo "2026"]
[BlackElo "2538"]
[Annotator "TA"]
[PlyCount "108"]
[EventDate "2019.05.31"]
[EventType "swiss"]
[EventCountry "RUS"]
[SourceTitle "playchess.com"]
[Source "ChessBase"]
[SourceQuality "1"]

{[%evp 17,108,0,0,0,0,0,0,0,7,0,0,0,16,0,18,0,0,0,0,0,0,0,31,38,48,1,2,-64,-95,-89,-99,-42,-56,-52,-14,-107,-10,-15,-14,-15,-15,-15,-15,-11,43,26,80,0,0,-33,-8,-67,0,0,2,9,0,0,0,0,14,0,0,-71,0,-12,-25,-165,-117,-151,-114,-145,-139,-298,-235,-488,-475,-454,-443,-1700,-1245,-2637,-559,-1118,-1051,-6111,-6111,-6103,-5153,-1287,-1276,-29987,-29988]} 1. e4 c5 2. Nc3 e6 3. Nf3 a6 4. d4 cxd4 5. Nxd4 b5 6. a3 Bb7 7. Be3 Qc7 8. Bd3 Nf6 9. O-O Be7 10. f4 {B43: Sicilian: Kan Variation: 5 Nc3} d6 11. Qf3 Nbd7 {[%cal Bb8d7,Bd7c5,Bc5d3][%mdl 32]} 12. Rae1 {The position is equal.} h5 13. Kh1 Rc8 14. Qh3 Nc5 {[%cal Rf6e4]} 15. Bg1 Qd7 $146 ({Predecessor:} 15... Nfd7 16. Nf3 Bf6 17. Bxc5 Bxc3 18. Bxd6 Qxd6 {1-0 (47) Shanava,K (2522)-Bukavshin,I (2350) Pardubice 2008}) 16. e5 Nxd3 17. Qxd3 dxe5 18. fxe5 Ng4 19. h3 Rc4 20. Re2 g6 21. Rd1 {next a4 is good for White.} (21. a4 $5) 21... Qc8 $1 22. hxg4 (22. Ne4 $11 Bxe4 23. Rxe4 (23. Qxe4 Nh6 $11)) 22... hxg4+ $15 23. Bh2 Rxd4 $1 24. Qxd4 g3 $1 {[%mdl 64] Pin} 25. b4 $1 Rxh2+ ({Black should try} 25... Kf8 $15 26. Kg1 Rxh2) 26. Kg1 $17 Rh4 (26... Kf8 $17 27. Ne4 Bxe4 28. Qxe4 Kg7) 27. Ne4 {aiming for Nd6+.} Kf8 {...Kg7 is the strong threat.} 28. Qd3 $1 {White wants to play Nd6.} Kg7 29. Nxg3 Bd5 30. Rf2 Qb7 (30... Bd8 $11 31. Qe3 Kg8) 31. Qe3 $14 {Strongly threatening Rdf1.} Kg8 {[#]} (31... Rg4 $11 {remains equal.}) 32. Rdf1 (32. Rd4 $1 $16) 32... Rh7 $11 33. Ne2 Bh4 {[%mdl 1024] Black has compensation.} 34. Ng3 ({White should play} 34. Nc3 $11) 34... Qe7 (34... Bd8 $15 35. Ne2 Qb8) 35. Rd1 Bg5 $132 {[%mdl 2048] Black has counterplay} 36. Qb6 Qf8 37. Rxd5 exd5 38. e6 {Black must now prevent exf7+.} f6 39. Re2 Bf4 40. Kf2 {[#]} (40. Nf1 $1 $11 {keeps the balance.}) 40... Rc7 ({Better is} 40... Bc7 $1 $17 {[%cal Rc7b6]} 41. Qc6 Qb8) 41. Qd4 Qd6 42. Qd3 (42. e7 $11 Bxg3+ 43. Kf3 Rxe7 44. Rxe7 Qxe7 45. Qxd5+ Kg7 46. Kxg3) 42... Kg7 43. Qf3 {And now e7! would win.} d4 44. Qg4 Be3+ $1 45. Ke1 $2 (45. Kf1 $17 Qe5 46. Qe4) 45... Qe5 {Hoping for ...d3!} 46. Nf1 $2 {[#]} (46. Kf1) 46... d3 $1 $19 {[%cal Re5a1][%mdl 512]} 47. Nxe3 (47. cxd3 Rc1#) 47... dxe2 {[%mdl 4096] Endgame KQR-KQN} 48. Qh3 (48. Qxe2 $142 Rc3 49. Nd5 Rxc2 50. Qxe5 fxe5 51. g3) 48... f5 49. Qf3 Qxe6 (49... f4 $142 50. Nf5+ Qxf5) 50. g4 fxg4 51. Nxg4 Rxc2 {( -> ...Rc1+)} 52. Qf4 {[#]} Rc4 $1 53. Qh6+ Kg8 54. Nh2 Rd4 {Accuracy: White = 31%, Black = 50%.} 0-1

[Event "41st Nezhmetdinov Memorial 2019"]
[Site "Kazan"]
[Date "2019.05.31"]
[Round "1.9"]
[White "Svetushkin, Dmitry"]
[Black "Yakimova, Mariya"]
[Result "0-1"]
[WhiteElo "2536"]
[BlackElo "2020"]
[Annotator "TA"]
[PlyCount "56"]
[EventDate "2019.05.31"]
[EventType "swiss"]
[EventCountry "RUS"]
[SourceTitle "playchess.com"]
[Source "ChessBase"]
[SourceQuality "1"]

{[%evp 13,56,10,2,-4,23,-6,11,6,21,0,0,0,0,-7,-2,-11,-8,-58,-47,-35,-36,-136,-131,-379,-392,-360,-379,-378,-387,-374,-384,-368,-126,-636,-587,-624,-625,-814,-803,-1109,-1321,-1283,-1241,-1086,-990]} 1. d4 Nf6 2. Nf3 e6 3. c4 b6 4. Nc3 Bb7 5. Bg5 Be7 6. Qc2 d5 7. e3 O-O 8. Bd3 {D55: Queen's Gambit Declined: 4 Bg5 Be7: Lines without ...h6 and 6...h6 7 Bxf6} (8. Bxf6 Bxf6 9. cxd5 exd5 10. Bd3 h6 11. O-O Nd7 12. Rfd1 Qe7 13. Bf5 Rfd8 14. Rab1 c5 15. dxc5 Nxc5 16. Nd4 g6 17. Bh3 Ne4 18. Rbc1 h5 19. g3 h4 {0-1 (32) Matviishen,V (2476)-Erigaisi,A (2531) Konya 2018}) 8... h6 9. Bh4 (9. Bxf6 $5 Bxf6 10. cxd5 $11) 9... Na6 10. a3 {The position is equal.} c5 11. Rd1 $146 ({Predecessor:} 11. cxd5 cxd4 12. exd4 exd5 13. O-O Nc7 14. Rfe1 Ne6 15. Bf5 Bc8 16. Bxf6 Bxf6 17. Nxd5 Nxd4 18. Nxd4 Bxd4 {1-0 (57) Gilruth,P (2132)-Singe,P (1961) Nairobi 2015}) 11... cxd4 12. Nxd4 Nc5 $36 {[%mdl 2048] Black fights for an advantage.} 13. Be2 Nfe4 14. Nxe4 Nxe4 15. Bg3 Nxg3 (15... Rc8 {with more complications.} 16. Qb1 Bf6 17. O-O h5 18. cxd5 Qxd5 19. Nf3 Nxg3 20. hxg3 Qc6) 16. hxg3 Qc7 17. g4 ({White should play} 17. cxd5 $15 Qxc2 18. Nxc2) 17... dxc4 $17 18. Nxe6 $2 (18. Qxc4 $17 Qxc4 19. Bxc4) 18... fxe6 $19 19. Rxh6 {[#]} Bb4+ $1 {[%mdl 512]} 20. axb4 gxh6 21. Qg6+ Qg7 22. Qxe6+ Qf7 $2 (22... Kh8 $19 {is more deadly. Strongly threatening ...Rae8.} 23. Rd7 Bc8 {[%mdl 64] Skewer} 24. Rxg7 Bxe6) 23. Qxh6 $2 {[%mdl 8192]} (23. Qxf7+ $17 Rxf7 24. Bxc4 Bxg2 25. f4) 23... Qxf2+ {[%mdl 64] Double Attack. Black is clearly winning.} 24. Kd2 {White wants to mate with Qg6+.} Rfd8+ 25. Kc3 Rxd1 ({Not} 25... Qxe2 26. Qg6+ Kf8 27. Qf6+ Ke8 28. Qe6+ Kf8 29. Rxd8+ Rxd8 30. Qf6+ {[%mdl 64] Double Attack} Kg8 31. Qxd8+ Kh7 32. Qe7+ Kg6 33. Qe8+ Kh7 34. Qf7+ {[%mdl 64] Double Attack} Kh6 35. Qf6+ Kh7 36. Qf7+ {[%mdl 64] Double Attack} Kh8 37. Qf8+ Kh7 38. Qf7+ $11 {[%mdl 64] Double Attack}) 26. Qg6+ {[#]} Kf8 $1 27. Qh6+ {[#]} Ke7 $1 {( -> ...Qe1+)} 28. Qg7+ {[#]} Ke6 $1 {Accuracy: White = 29%, Black = 52%.} 0-1